MySQL For Python (Record no. 351941)

MARC details
000 -LEADER
fixed length control field 00569nam a2200169Ia 4500
008 - FIXED-LENGTH DATA ELEMENTS--GENERAL INFORMATION
fixed length control field 230718s9999 xx 000 0 und d
020 ## - INTERNATIONAL STANDARD BOOK NUMBER
International Standard Book Number 9781849510189
041 ## - LANGUAGE CODE
Language code of text/sound track or separate title eng
082 ## - DEWEY DECIMAL CLASSIFICATION NUMBER
Classification number 005.13'3
Item number LUK
100 ## - MAIN ENTRY--PERSONAL NAME
Personal name Lukaszewski A.
9 (RLIN) 202535
245 ## - TITLE STATEMENT
Title MySQL For Python
Remainder of title Integrate The Flexibility Of Python And Power of MySQL To Boost The Productivity Of Your Applications
260 ## - PUBLICATION, DISTRIBUTION, ETC. (IMPRINT)
Date of publication, distribution, etc. 2010
Name of publisher, distributor, etc. Packt
300 ## - PHYSICAL DESCRIPTION
Extent 417
Accompanying material [OBSOLETE, CAN/MARC] Ref 1610 C (63152)
365 ## - TRADE PRICE
Currency code Rs.
Price amount 3499.00
700 ## - ADDED ENTRY--PERSONAL NAME
Personal name Lukaszewski A.
9 (RLIN) 202535
906 ## - LOCAL DATA ELEMENT F, LDF (RLIN)
d O:0726622-Sep-2021B:IN24625-Aug-2021
c BCOMP
b 874.75
Holdings
Withdrawn status Lost status Source of classification or shelving scheme Reference No Damaged status Not for loan Home library Current library Date acquired Vendor Budget Code Cost, normal purchase price Bill number Full call number Barcode Date last seen Discount Cost, replacement price Bill Date Koha item type Original Barcode
    Dewey Decimal Classification Ref 1610 C (63152)     Cummins College of Engineering for Women Pune Cummins College of Engineering for Women Pune 22/09/2021 Pradeep Book Distributors BCOMP 2624.25 IN246 005.13'3 CCEP-BK-63152 18/07/2023 874.75 3499.00 25/08/2021 Books 063152